MARC details
| 010 ## - Numéro international normalisé du livre (ISBN) |
| ISBN |
2070303594 |
| 099 ## - Visibilité opac |
| notice masquée en opac |
Non |
| 100 ## - Données générales de traitement |
| Données générales de traitement |
19960918d1968 m y0frey50 ba |
| 101 1# - Langue de la ressource |
| Langue du texte, de la bande son, etc. |
français |
| 102 ## - Pays de publication ou de production |
| Pays de publication |
France |
| 200 1# - Titre et mention de responsabilité |
| Titre propre |
La marquise Roselinde |
| Complément du titre |
farce sentimentale et grotesque |
| Indication générale du type de document |
Livre |
| 214 #0 - Mentions de production, publication, diffusion et manufacture |
| Nom de l’éditeur |
Gallimard |
| Date de publication |
DL 1968 |
| 215 ## - Description physique |
| Nombre de pages |
1 volume (141 pages) |
| 225 2# - Collection |
| Titre de la collection |
Théâtre du monde entier |
| 700 #1 - Auteur principal |
| Nom |
Valle-Inclán |
| Prénom |
Ramón del |
| Dates |
1866-1936 |
| 702 #1 - Nom de personne - mention de responsabilité secondaire |
| Nom |
Sesé |
| Prénom |
Bernard |
| Dates |
1929-2020 |
| 101 1# - Langue de la ressource |
| Langue de l'oeuvre originale |
espagnol; castillan |
| 105 ## - Zone de données codées : textes, monographies |
| Données codées sur les monographies textuelles |
y z 000by |
| 181 ## - Zone de données codées : Forme de la ressource |
| Données de liaison entre champs |
z01 |
| Autre référentiel utilisé pour coder la forme du contenu |
texte |
| Code du référentiel |
rdacontent |
| 181 #1 - Zone de données codées : Forme de la ressource |
| Données de liaison entre champs |
z01 |
| Forme du contenu selon l’ISBD sous forme codée |
i# |
| Qualificatif(s) du contenu selon l’ISBD sous forme codée |
xxxe## |
| 182 ## - Zone de données codées : type de média |
| Données de liaison entre champs |
z01 |
| Autre référentiel utilisé pour coder le type de médiation |
sans média |
| Code du référentiel |
rdamedia |
| 182 #1 - Zone de données codées : type de média |
| Données de liaison entre champs |
z01 |
| Type de médiation selon l’ISBD sous forme codée |
sans média |
| 183 #1 - Zone de données codées : Type de carrière |
| Données de liaison entre champs |
z01 |
| Type de support sous forme codée |
nga |
| Code du référentiel |
RDAfrCarrier |
| 214 #0 - Mentions de production, publication, diffusion et manufacture |
| Lieu de publication, production, distribution/diffusion, fabrication |
Paris |
| 215 ## - Description physique |
| Dimensions |
17 cm |
| 410 ## - Collection |
| Identifiant de la notice bibliographique liée |
001033786 |
| 410 ## - Collection |
| Titre de l'oeuvre |
Théâtre du monde entier |
| ISSN |
1958-9573 |
| 454 ## - Traduction de |
| Titre de l'oeuvre |
La marquesa Rosalinda |
| 608 ## - Vedette de Forme, Genre ou Caractéristiques physiques |
| Identifiant de la notice d'autorité |
027796825 |
| Élément d'entrée |
Théâtre (genre littéraire) espagnol |
| Identifiant de la notice d'autorité |
027794687 |
| Subdivision chronologique |
1900-1945 |
| Identifiant de la notice d'autorité |
029051428 |
| Subdivision de sujet |
Traductions françaises |
| Code du format utilisé |
rameau |
| 660 ## - Code d’aire géographique |
| Code d’aire géographique |
e-sp--- |
| 676 ## - Classification décimale de Dewey |
| Indice |
863 |
| 680 ## - Classification de la Bibliothèque du Congrès |
| Indice |
PQ6641.A47 |
| Numéro de livre |
M314 |
| 700 #1 - Auteur principal |
| Identifiant de la notice d'autorité |
027174794 |
| Code de fonction |
Auteur |
| 702 #1 - Nom de personne - mention de responsabilité secondaire |
| Identifiant de la notice d'autorité |
027133893 |
| Code de fonction |
Traducteur |
| 801 #3 - Origine de la notice |
| Pays |
FR |
| Agence de catalogage |
Abes |
| Date de la transaction |
20240518 |
| Règles de catalogage utilisées |
AFNOR |
| Identifiant d'origine |
025950649 |
| 801 #3 - Origine de la notice |
| Pays |
FR |
| Agence de catalogage |
Abes |
| Date de la transaction |
20240518 |
| Règles de catalogage utilisées |
AFNOR |
| Identifiant d'origine |
064374106 |
| 801 #3 - Origine de la notice |
| Pays |
FR |
| Agence de catalogage |
SF |
| Date de la transaction |
19990209 |
| 801 #1 - Origine de la notice |
| Pays |
US |
| Agence de catalogage |
OCLC |
| Règles de catalogage utilisées |
AACR2 |
| 801 #2 - Origine de la notice |
| Pays |
FR |
| Agence de catalogage |
AUROC |
| 801 #1 - Origine de la notice |
| Pays |
FR |
| Agence de catalogage |
AIC |
| Date de la transaction |
20001129 |
| 801 #1 - Origine de la notice |
| Pays |
FR |
| Agence de catalogage |
BNF |
| Date de la transaction |
19960511 |
| 000 -Etiquette de la notice |
| Leader |
01892cam0a2200673 4500 |
| 003 - Identifiant de la notice |
| Identifiant |
http://www.sudoc.fr/005377226 |
| 005 - Identifiant de la version |
| Identifiant |
20250718113144.0 |
| 035 ## - Identifiant de la notice dans un autre système |
| Identifiant de la notice dans un autre système |
025950649 |
| 035 ## - Identifiant de la notice dans un autre système |
| Identifiant de la notice dans un autre système |
064374106 |
| 035 ## - Identifiant de la notice dans un autre système |
| Identifiant de la notice dans un autre système |
(OCoLC)396104838 |
| 035 ## - Identifiant de la notice dans un autre système |
| Identifiant de la notice dans un autre système |
DYNIX_BUNAN_342580 |
| 035 ## - Identifiant de la notice dans un autre système |
| Identifiant de la notice dans un autre système |
sib0743575 |
| 035 ## - Identifiant de la notice dans un autre système |
| Identifiant de la notice dans un autre système |
AIC14410501 |
| 035 ## - Identifiant de la notice dans un autre système |
| Identifiant de la notice dans un autre système |
ocm11118997 |
| 035 ## - Identifiant de la notice dans un autre système |
| Identifiant de la notice dans un autre système |
PRITEC.METZ.020090506001 |
| 035 ## - Identifiant de la notice dans un autre système |
| Identifiant de la notice dans un autre système |
LX002200560709P |
| 035 ## - Identifiant de la notice dans un autre système |
| Identifiant de la notice dans un autre système |
ALP000099105 |
| 035 ## - Identifiant de la notice dans un autre système |
| Identifiant de la notice dans un autre système |
flora300224 |
| 035 ## - Identifiant de la notice dans un autre système |
| Identifiant de la notice dans un autre système |
BUFRL3162818 |
| 035 ## - Identifiant de la notice dans un autre système |
| Identifiant de la notice dans un autre système |
cvz74006 |
| 073 #0 - EAN |
| Numéro normalisé |
9782070303594 |